Fastest Miles Ever - Male - Statistics

General Stats
  • This quiz has been taken 3 times
  • The average score is 3 of 10
Answer Stats
Hint Answer % Correct
3:43:97 Yared Nuguse
100%
3:43:70 Jakob Ingebrigtsen
67%
3:45.34 Josh Kerr
67%
3:43:13 Hicham El Guerrouj
33%
3:46.38 Daniel Komen
0%
3:43:40 Noah Ngeny
0%
3:44.39 Noureddine Morceli
0%
3:46.76 Saïd Aouita
0%
3:46.32 Steve Cram
0%
3:46.70 Vénuste Nyongabo
0%
No matching quizzes found
Score Distribution
Percent of People with Each Score
Percentile by Number Answered
Your Score History
You have not taken this quiz